U.S. States with the Most African-American Majority Counties - Statistics

General Stats
  • This quiz has been taken 102 times
  • The average score is 10 of 11
Answer Stats
% State % Correct
22 Georgia
99%
11 Alabama
98%
7 Louisiana
97%
25 Mississippi
96%
8 North Carolina
92%
9 South Carolina
92%
1 Florida
90%
2 Tennessee
88%
9 Virginia
85%
6 Arkansas
80%
3 Maryland
77%
No matching quizzes found
Score Distribution
Percent of People with Each Score
Percentile by Number Answered
Your Score History
You have not taken this quiz